000 00397nam a22001457a 4500
020 _a039563766x
022 _a10578293
082 _a363.7
_bENV
_cD
245 _aEnvironmental Almanac
_cAllen Hammond
260 _aNew Yark (USA) :
_bHoughton Mifflin Company Boston,
_c1993.
300 _a656 p. :
_bill. ;
526 _a0
_b0
_c0
_d363_700000000000000_ENV
650 _aMCE
_9379
942 _2ddc
_cBK
999 _c542784
_d542784